000 00641nas a2200241 4500
001 BR9200058
003 BR-BrBNA
005 20231205092214.0
007 ta
008 230509b bl.|||p| |||| 00| 00por d
040 _aBR-BrBNA
_bpor
_cBiblioteca Nacional de Agricultura
041 _a(Pt)
072 _aF01
100 1 _aCerri, C.
245 1 _aBambu; o rei do oriente
650 _aBAMBU
650 _aGRAMINEA
650 _aMANEJO
650 _aPRATICA CULTURAL
773 0 _tGlobo Rural (Brazil)
_xISSN 0102-6178
_g(Mar 1991), v. 6(65) p. 26-31
_wBR9200058
909 _a202311
_bLúcia
_c55
_dLúcia Elande
942 _2AGRIS
_n0
_cANA
999 _c130086
_d130086